Molecular identification and localization of filamentous symbiotic bacteria associated with the hydrothermal vent annelid alvinella pompejana /
Đã lưu trong:
| Andre forfattere: | , , , , |
|---|---|
| Format: | Bài viết |
| Sprog: | English |
| Fag: | |
| Tags: |
Tilføj Tag
Ingen Tags, Vær først til at tagge denne postø!
|
| Thư viện lưu trữ: | Thư viện Trường Đại học Đà Lạt |
|---|
| LEADER | 01167nam a2200373 4500 | ||
|---|---|---|---|
| 001 | DLU090096493 | ||
| 005 | ##20091201 | ||
| 040 | # | # | |a DLU |b eng |
| 041 | # | # | |a eng |
| 044 | # | # | |a us |
| 245 | # | # | |a Molecular identification and localization of filamentous symbiotic bacteria associated with the hydrothermal vent annelid alvinella pompejana / |c S. C. Cary ... [et al.]. |
| 653 | # | # | |a Bacteria |
| 653 | # | # | |a East Pacific |
| 653 | # | # | |a Hydrothermal vent |
| 653 | # | # | |a Invertebrata |
| 653 | # | # | |a Marine environment |
| 653 | # | # | |a Microbial community |
| 653 | # | # | |a Molecular hybridization |
| 653 | # | # | |a Molecular probe |
| 700 | # | # | |a Camacho, F. |
| 700 | # | # | |a Cary, S. C. |
| 700 | # | # | |a Cottrell, M. T. |
| 700 | # | # | |a Desbruyeres, D. |
| 700 | # | # | |a Stein, J. L. |
| 773 | # | # | |t Applied and Environmental Microbiology |g Vol. 63, no. 3 (March 1997), p. 1124-1130 |
| 920 | # | # | |a Phòng Tạp chí -- Trung tâm Thông tin - Thư viện Trường Đại học Đà Lạt |
| 994 | # | # | |a DLU |
| 900 | # | # | |a True |
| 911 | # | # | |a Trương Bảo Trâm Anh |
| 925 | # | # | |a G |
| 926 | # | # | |a A |
| 927 | # | # | |a BB |
| 980 | # | # | |a Thư viện Trường Đại học Đà Lạt |